Spell the Marvel Character #216 - Statistics

General Stats
  • This quiz has been taken 11 times
  • The average score is 7 of 8
Answer Stats
Picture Answer % Correct
Thing
100%
Anti-Venom
90%
Galacta
90%
Genis-Vell
90%
Lockjaw
90%
Ancient One
80%
Aero
70%
Captain America 2099
50%
No matching quizzes found
Score Distribution
Percent of People with Each Score
Percentile by Number Answered
Your Score History
You have not taken this quiz